000 00544nam a2200217Ia 4500
003 OSt
005 20221007071209.0
006 a|||||r|||| 00| 0
007 ta
008 221006b |||||||| |||| 00| 0 eng d
024 _a20,270
037 _cTextual
040 _aFLL
_cFLL
_beng
041 _2eng
_aeng
100 _aElizabeth M.
_9688294
245 0 _aManual of law librarianship
260 _aLondon
_bABder deutsch England
_c1976
300 _a733p
_ccm.
942 _cTEXL
_2CC
999 _c1142724
_d1142724